Chinese economic performance in the long run
Salvato in:
| Autore principale: | |
|---|---|
| Ente Autore: | |
| Natura: | Libro |
| Lingua: | inglese |
| Pubblicazione: |
Paris
OECD
1998
|
| Serie: | Development Centre studies
|
| Soggetti: | |
| Tags: |
Nessun Tag, puoi essere il primo ad aggiungerne!!
|
MARC
| LEADER | 00000nam a2200000 4500 | ||
|---|---|---|---|
| 001 | c122176 | ||
| 005 | 20221109093556.8 | ||
| 020 | |a 92-64-16180-5 | ||
| 041 | 0 | |a eng | |
| 044 | |a FR | ||
| 245 | 1 | 0 | |a Chinese economic performance in the long run |c Angus Maddison |
| 264 | 1 | |a Paris |b OECD |c 1998 | |
| 300 | |a 194 s. | ||
| 490 | 1 | |a Development Centre studies | |
| 830 | 0 | |a Development Centre studies | |
| 610 | 2 | 0 | |a hospodárstvo národné |
| 610 | 2 | 0 | |a rast hospodársky |
| 610 | 2 | 0 | |a rast hospodársky dlhodobý |
| 610 | 2 | 0 | |a rast hospodársky extenzívny |
| 610 | 2 | 0 | |a rast hospodársky intenzívny |
| 610 | 2 | 0 | |a rast hospodársky dynamický |
| 610 | 2 | 0 | |a Čína |
| 610 | 2 | 0 | |a OECD |
| 100 | 1 | |a Maddison, Angus | |
| 710 | 2 | |a OECD. Development Centre | |